[Event "IV Torneo de Semana Santa"]
[Site "Los Llanos de Aridane"]
[Date "2019.04.16"]
[Round "5.5"]
[White "Bazan Solera, Manuel"]
[Black "Navio Lopez, Manuel"]
[Result "1/2-1/2"]
[WhiteElo "1923"]
[BlackElo "1877"]
[Annotator "NA"]
[PlyCount "120"]
[EventDate "2019.04.13"]
[EventType "swiss"]
[EventCountry "ESP"]
[SourceTitle "playchess.com"]
[Source "ChessBase"]
[SourceQuality "1"]
[TimeControl "5400+30"]

1. Nf3 {[%emt 0:00:00]} Nf6 {[%emt 0:12:00]} 2. g3 {[%emt 0:00:00]} g6 {[%emt 0:00:07]} 3. Bg2 {[%emt 0:00:00]} Bg7 {[%emt 0:00:05]} 4. O-O {[%emt 0:00:17]} O-O {[%emt 0:00:04]} 5. c4 {[%emt 0:00:30]} d6 {[%emt 0:00:05]} 6. d4 {[%emt 0:00:29]} c6 {[%emt 0:00:05]} 7. Nc3 {[%emt 0:00:08]} Qa5 {[%emt 0:00:22]} 8. d5 {[%emt 0:10:12]} cxd5 {[%emt 0:05:53]} 9. cxd5 {[%emt 0:04:55]} Nbd7 {[%emt 0:00:18]} 10. Rb1 {[%emt 0:02:07]} Qc7 {[%emt 0:08:12]} 11. Bd2 {[%emt 0:06:23]} Nb6 {[%emt 0:02:25]} 12. Rc1 {[%emt 0:00:53]} Qc4 {[%emt 0:02:31]} 13. b3 {[%emt 0:01:37]} Qa6 {[%emt 0:01:23]} 14. e4 {[%emt 0:04:38]} Bg4 {[%emt 0:00:15]} 15. Re1 {[%emt 0:01:56]} Nbd7 {[%emt 0:03:19]} 16. h3 {[%emt 0:01:39]} Bxf3 {[%emt 0:00:04]} 17. Bxf3 {[%emt 0:01:06]} Rac8 {[%emt 0:09:24]} 18. Be2 {[%emt 0:24:03]} Qa3 {[%emt 0:01:10]} 19. Rc2 {[%emt 0:01:33]} Qb4 {[%emt 0:01:32]} 20. Bc4 {[%emt 0:01:48]} Qb6 {[%emt 0:01:21]} 21. Be3 {[%emt 0:01:58]} Qa5 {[%emt 0:01:18]} 22. Bd2 {[%emt 0:01:19]} a6 {[%emt 0:05:06]} 23. Qc1 {[%emt 0:05:27]} Ne5 {[%emt 0:00:55]} 24. Be2 {[%emt 0:01:17]} Qb6 {[%emt 0:06:11]} 25. Be3 {[%emt 0:01:00]} Qb4 {[%emt 0:00:21]} 26. f3 {[%emt 0:01:11]} Nh5 {[%emt 0:01:45]} 27. Kg2 {[%emt 0:11:55]} Nxf3 {[%emt 0:00:20]} 28. Bxf3 {[%emt 0:00:18]} Rxc3 {[%emt 0:00:02]} 29. Bd2 {[%emt 0:05:25]} Rxc2 {[%emt 0:00:01]} 30. Qxc2 {[%emt 0:00:27]} Qd4 {[%emt 0:01:36]} 31. Bxh5 {[%emt 0:01:05]} gxh5 {[%emt 0:00:02]} 32. Be3 {[%emt 0:00:10]} Qb4 {[%emt 0:05:20]} 33. Bd2 {[%emt 0:00:20]} Qb5 {[%emt 0:00:33]} 34. a4 {[%emt 0:00:33]} Qd7 {[%emt 0:00:59]} 35. Rc1 {[%emt 0:00:09]} f5 {[%emt 0:03:51]} 36. Qc7 {[%emt 0:01:58]} Qe8 {[%emt 0:05:46]} 37. exf5 {[%emt 0:01:04]} Qf7 {[%emt 0:00:06]} 38. Qc4 {[%emt 0:01:52]} Qxf5 {[%emt 0:00:08]} 39. Rf1 {[%emt 0:00:19]} Qxf1+ {[%emt 0:00:30]} 40. Qxf1 {[%emt 0:00:04]} Rxf1 {[%emt 0:00:16]} 41. Kxf1 {[%emt 0:00:00]} Kf7 {[%emt 0:00:22]} 42. Ke2 {[%emt 0:00:08]} Kg6 {[%emt 0:00:15]} 43. Kf3 {[%emt 0:02:08]} Kf5 {[%emt 0:00:09]} 44. g4+ {[%emt 0:00:27]} hxg4+ {[%emt 0:00:01]} 45. hxg4+ {[%emt 0:00:01]} Ke5 {[%emt 0:00:11]} 46. Bc3+ {[%emt 0:00:02]} Kxd5 {[%emt 0:00:16]} 47. Bxg7 {[%emt 0:00:02]} e5 {[%emt 0:00:33]} 48. Ke3 {[%emt 0:00:47]} Ke6 {[%emt 0:00:12]} 49. Kd3 {[%emt 0:00:47]} b5 {[%emt 0:00:37]} 50. axb5 {[%emt 0:00:17]} axb5 {[%emt 0:00:02]} 51. Bh6 {[%emt 0:00:12]} Kd5 {[%emt 0:00:43]} 52. Bd2 {[%emt 0:00:27]} Ke6 {[%emt 0:00:51]} 53. Kc3 {[%emt 0:00:32]} Kd5 {[%emt 0:00:10]} 54. Kb4 {[%emt 0:00:51]} Kc6 {[%emt 0:00:01]} 55. Bc3 {[%emt 0:01:27]} Kb6 {[%emt 0:00:14]} 56. Bb2 {[%emt 0:00:29]} Kc6 {[%emt 0:00:50]} 57. g5 {[%emt 0:00:46]} Kb6 {[%emt 0:00:20]} 58. Bc3 {[%emt 0:00:20]} Kc6 {[%emt 0:00:08]} 59. Bb2 {[%emt 0:00:32]} Kb6 {[%emt 0:00:10]} 60. Bc3 {[%emt 0:01:20]} Kc6 {[%emt 0:00:03]} 1/2-1/2

[Event "IV Torneo de Semana Santa"]
[Site "Los Llanos de Aridane"]
[Date "2019.04.16"]
[Round "5.6"]
[White "Natalicchio Escalante, Nicolas"]
[Black "Cruz Diaz, Felipe"]
[Result "1-0"]
[WhiteElo "2189"]
[BlackElo "1655"]
[Annotator "NA"]
[PlyCount "71"]
[EventDate "2019.04.13"]
[EventType "swiss"]
[EventCountry "ESP"]
[SourceTitle "playchess.com"]
[Source "ChessBase"]
[SourceQuality "1"]
[TimeControl "5400+30"]

1. e4 {[%emt 0:04:40]} e6 {[%emt 0:00:00]} 2. d4 {[%emt 0:00:10]} d5 {[%emt 0:00:00]} 3. Nc3 {[%emt 0:00:05]} Bb4 {[%emt 0:00:15]} 4. exd5 {[%emt 0:00:48]} exd5 {[%emt 0:00:12]} 5. Bd3 {[%emt 0:00:37]} Ne7 {[%emt 0:00:38]} 6. Qf3 {[%emt 0:00:57]} Nbc6 {[%emt 0:01:32]} 7. Nge2 {[%emt 0:00:13]} Be6 {[%emt 0:01:34]} 8. Qg3 {[%emt 0:05:34]} g6 {[%emt 0:03:26]} 9. Bg5 {[%emt 0:03:42]} Qd7 {[%emt 0:03:37]} 10. Bf6 {[%emt 0:01:17]} Rg8 {[%emt 0:00:51]} 11. a3 {[%emt 0:00:39]} Bd6 {[%emt 0:03:08]} 12. Qh4 {[%emt 0:01:16]} h5 {[%emt 0:01:38]} 13. Nb5 {[%emt 0:00:57]} O-O-O {[%emt 0:01:19]} 14. O-O-O {[%emt 0:04:50]} Rde8 {[%emt 0:02:49]} 15. Nxd6+ {[%emt 0:01:04]} Qxd6 {[%emt 0:00:42]} 16. Rhe1 {[%emt 0:06:17]} Nf5 {[%emt 0:03:59]} 17. Qg5 {[%emt 0:05:38]} Qxh2 {[%emt 0:06:37]} 18. Nf4 {[%emt 0:00:25]} Qh4 {[%emt 0:02:07]} 19. Bxf5 {[%emt 0:06:55]} Qxg5 {[%emt 0:04:02]} 20. Bxe6+ {[%emt 0:00:16]} fxe6 {[%emt 0:01:26]} 21. Bxg5 {[%emt 0:00:08]} Kd7 {[%emt 0:00:32]} 22. Nd3 {[%emt 0:01:03]} b6 {[%emt 0:04:37]} 23. c3 {[%emt 0:03:01]} Rgf8 {[%emt 0:01:30]} 24. Re2 {[%emt 0:00:59]} Rf5 {[%emt 0:01:55]} 25. f4 {[%emt 0:01:13]} Kd6 {[%emt 0:03:55]} 26. Rde1 {[%emt 0:00:33]} Rf7 {[%emt 0:06:37]} 27. Ne5 {[%emt 0:00:35]} Nxe5 {[%emt 0:01:11]} 28. fxe5+ {[%emt 0:00:29]} Kd7 {[%emt 0:01:04]} 29. Bf6 {[%emt 0:00:05]} Rh7 {[%emt 0:02:14]} 30. Re3 {[%emt 0:00:40]} Rg8 {[%emt 0:01:19]} 31. Rh1 {[%emt 0:02:31]} g5 {[%emt 0:05:00]} 32. Reh3 {[%emt 0:00:30]} h4 {[%emt 0:00:55]} 33. g3 {[%emt 0:00:13]} g4 {[%emt 0:01:04]} 34. Rxh4 {[%emt 0:00:07]} Rxh4 {[%emt 0:00:09]} 35. Rxh4 {[%emt 0:00:06]} a5 {[%emt 0:01:41]} 36. Rh7+ {[%emt 0:00:06]} 1-0

[Event "IV Torneo de Semana Santa"]
[Site "Los Llanos de Aridane"]
[Date "2019.04.16"]
[Round "5.7"]
[White "Santos Izquierdo, Carlos"]
[Black "Acosta Sosa, Juan Manuel"]
[Result "0-1"]
[WhiteElo "1761"]
[BlackElo "2287"]
[Annotator "TA"]
[PlyCount "84"]
[EventDate "2019.04.13"]
[EventType "swiss"]
[EventCountry "ESP"]
[SourceTitle "playchess.com"]
[Source "ChessBase"]
[SourceQuality "1"]

{[%evp 16,84,-6,-18,0,0,14,-73,-84,-82,-49,-190,-124,-187,-195,-216,-74,-128,-125,-248,-117,-210,-195,-213,-223,-274,-226,-312,-308,-324,-302,-372,-360,-345,-331,-370,-369,-356,-325,-350,-184,-177,-180,-260,-251,-247,-249,-194,-172,-438,-437,-648,-513,-519,-370,-331,-353,-423,-403,-485,-467,-29981,-29982,-29981,-29983,-29983,-29984,-29984,-29985,-29985,-29970]} 1. c4 c5 2. Nc3 Nc6 3. g3 g6 4. Bg2 Bg7 5. Nf3 e5 6. O-O Nge7 7. e4 d6 8. d3 O-O 9. Be3 f5 {A37: Symmetrical English vs ...g6: 4 Bg2 Bg7 5 Nf3} (9... h6 10. Qd2 {½-½ (10) Beinoras,M (2375)-Laurusas,T (2420) Vilnius 2014}) 10. Qd2 Nd4 11. Bxd4 (11. Bg5 $11 Qd7 12. Bxe7 Nxf3+ 13. Bxf3 Qxe7 14. exf5) 11... cxd4 $17 {Black is better.} 12. Ne2 a5 $146 ({Predecessor:} 12... fxe4 13. dxe4 {1-0 (48) Nagy,K (2156)-Kun,S (2074) Hungary 2000}) 13. b4 ({Better is} 13. exf5 $15 Nxf5 14. Ng5) 13... axb4 (13... fxe4 $19 14. dxe4 axb4 15. Qxb4 Nc6) 14. Qxb4 (14. exf5 $17 Bxf5 15. Nh4) 14... Nc6 15. Qb3 Bh6 (15... fxe4 $19 16. Nd2 exd3 17. Qxd3 Bf5) 16. Ne1 (16. exf5 $142 Bxf5 17. Nh4) 16... f4 17. f3 (17. gxf4 $17 Bxf4 18. Nxf4 Rxf4 19. a4) 17... Kg7 (17... fxg3 $19 {has better winning chances.} 18. Nxg3 Rf7) 18. g4 (18. Nc2 $17) 18... Bg5 19. h3 Qa5 20. Qd1 Be6 21. Nc1 b5 22. cxb5 Qxb5 23. Qc2 Rfc8 24. Rb1 Qa5 25. Qf2 Nb4 26. Nb3 Qa3 27. Nxd4 Bxa2 (27... exd4 $142 28. Qxd4+ Bf6 29. Qxd6 {[%mdl 64] Double Attack} Qa6 30. Qxf4 (30. Qxb4 $2 Rab8 $19) 30... Bc3) 28. Ndc2 Nxc2 29. Rb7+ (29. Nxc2 {might work better.} Qxd3 30. Rb7+ Bf7 31. Nb4) 29... Bf7 $19 30. Nxc2 Qxd3 31. Nb4 Qe3 {[#] Threatens to win with ...Bh4.} 32. Qxe3 $2 (32. Nd5 {was called for.} Qxf2+ 33. Rxf2) 32... fxe3 33. Nd5 (33. Rb1 $142 Rab8 34. Rxb8 Rxb8 35. Bf1) 33... Ra2 34. h4 Bf4 35. Nxf4 exf4 36. Re1 Kg8 37. Rd7 Rd2 38. Rb1 {[#]} (38. Bh3 $19 d5 39. e5) 38... Rcc2 {Black mates.} 39. Bf1 e2 40. Bxe2 Rxe2 41. Rb8+ Kg7 {[%cal Re2e1]} 42. Kf1 Rh2 {Accuracy: White = 15%, Black = 51%.} 0-1

[Event "IV Torneo de Semana Santa"]
[Site "Los Llanos de Aridane"]
[Date "2019.04.16"]
[Round "5.8"]
[White "Rodriguez Centenera, Sara"]
[Black "Leon Varela, Luis"]
[Result "0-1"]
[WhiteElo "1704"]
[BlackElo "2154"]
[Annotator "NA"]
[PlyCount "86"]
[EventDate "2019.04.13"]
[EventType "swiss"]
[EventCountry "ESP"]
[SourceTitle "playchess.com"]
[Source "ChessBase"]
[SourceQuality "1"]
[TimeControl "5400+30"]

1. e4 {[%emt 0:02:05]} c5 {[%emt 0:00:00]} 2. Nc3 {[%emt 0:00:39]} Nc6 {[%emt 0:00:04]} 3. g3 {[%emt 0:00:10]} g6 {[%emt 0:00:14]} 4. Bg2 {[%emt 0:00:04]} Bg7 {[%emt 0:00:06]} 5. f4 {[%emt 0:01:33]} d6 {[%emt 0:01:21]} 6. Nf3 {[%emt 0:00:55]} e5 {[%emt 0:03:49]} 7. d3 {[%emt 0:00:54]} Nge7 {[%emt 0:00:10]} 8. O-O {[%emt 0:03:20]} O-O {[%emt 0:00:28]} 9. Be3 {[%emt 0:03:42]} exf4 {[%emt 0:06:55]} 10. Bxf4 {[%emt 0:00:09]} Ne5 {[%emt 0:00:10]} 11. Qd2 {[%emt 0:01:32]} Bg4 {[%emt 0:04:33]} 12. Nxe5 {[%emt 0:00:54]} dxe5 {[%emt 0:00:59]} 13. Bh6 {[%emt 0:00:19]} Be6 {[%emt 0:03:38]} 14. Bxg7 {[%emt 0:00:56]} Kxg7 {[%emt 0:00:04]} 15. Qg5 {[%emt 0:00:26]} f6 {[%emt 0:00:12]} 16. Qe3 {[%emt 0:00:52]} Rc8 {[%emt 0:13:33]} 17. b3 {[%emt 0:04:39]} Qd4 {[%emt 0:01:33]} 18. Qxd4 {[%emt 0:00:25]} cxd4 {[%emt 0:00:07]} 19. Nb5 {[%emt 0:00:10]} a6 {[%emt 0:09:14]} 20. Na3 {[%emt 0:01:01]} b5 {[%emt 0:00:06]} 21. Rac1 {[%emt 0:01:03]} Nc6 {[%emt 0:00:32]} 22. Rb1 {[%emt 0:04:22]} Nb4 {[%emt 0:00:28]} 23. Rb2 {[%emt 0:00:01]} Rc6 {[%emt 0:03:01]} 24. Bf3 {[%emt 0:00:33]} Rfc8 {[%emt 0:01:26]} 25. Rf2 {[%emt 0:01:23]} Bh3 {[%emt 0:06:58]} 26. Rd2 {[%emt 0:02:17]} h5 {[%emt 0:01:25]} 27. Kf2 {[%emt 0:02:45]} Kh6 {[%emt 0:00:02]} 28. Bg2 {[%emt 0:00:24]} Be6 {[%emt 0:04:43]} 29. Bf3 {[%emt 0:00:56]} Bg4 {[%emt 0:00:03]} 30. Kg2 {[%emt 0:00:35]} Be6 {[%emt 0:06:51]} 31. Kf2 {[%emt 0:00:26]} g5 {[%emt 0:00:58]} 32. Bd1 {[%emt 0:03:50]} g4 {[%emt 0:05:14]} 33. Nb1 {[%emt 0:00:39]} R6c7 {[%emt 0:00:09]} 34. a4 {[%emt 0:00:23]} Kg5 {[%emt 0:00:31]} 35. Na3 {[%emt 0:02:07]} Bd7 {[%emt 0:01:11]} 36. a5 {[%emt 0:01:57]} h4 {[%emt 0:02:30]} 37. Kg2 {[%emt 0:00:47]} hxg3 {[%emt 0:00:21]} 38. Kxg3 {[%emt 0:00:06]} Rh8 {[%emt 0:00:07]} 39. Kg2 {[%emt 0:01:24]} f5 {[%emt 0:02:14]} 40. exf5 {[%emt 0:00:55]} Bc6+ {[%emt 0:00:02]} 41. Kg1 {[%emt 0:00:20]} g3 {[%emt 0:03:26]} 42. hxg3 {[%emt 0:00:13]} Rh1+ {[%emt 0:00:06]} 43. Kf2 {[%emt 0:00:01]} Rch7 {[%emt 0:00:15]} 0-1

[Event "IV Torneo de Semana Santa"]
[Site "Los Llanos de Aridane"]
[Date "2019.04.16"]
[Round "5.9"]
[White "Salazar De La Cruz, Jose Maria"]
[Black "Otero Campos, Cintia"]
[Result "1-0"]
[WhiteElo "2099"]
[BlackElo "1451"]
[Annotator "NA RC"]
[PlyCount "37"]
[EventDate "2019.04.13"]
[EventType "swiss"]
[EventCountry "ESP"]
[SourceTitle "playchess.com"]
[Source "ChessBase"]
[SourceQuality "1"]
[TimeControl "5400+30"]

1. e4 {[%emt 0:12:11]} c5 {[%emt 0:00:00]} 2. Nf3 {[%emt 0:00:38]} e6 {[%emt 0:00:03]} 3. g3 {[%emt 0:00:12]} Nc6 {[%emt 0:00:18]} 4. Bg2 {[%emt 0:00:04]} Nf6 {[%emt 0:01:02]} 5. Qe2 {[%emt 0:00:14]} Be7 {[%emt 0:00:30]} 6. O-O {[%emt 0:00:07] C00: French: Unusual White 2nd moves} O-O {[%emt 0:00:10]} 7. Rd1 {[%emt 0:00:13]} (7. c3 d5 8. e5 Nd7 9. d4 a5 10. Rd1 a4 11. h4 b5 12. Ng5 b4 13. a3 bxc3 14. bxc3 {1-0 (47) Kobalia,M (2620)-Morozevich,A (2656) Tula 2019}) 7... a6 $146 {[%emt 0:00:53]} ({Predecessor:} 7... d5 8. e5 Nd7 9. c3 b6 10. d3 Bb7 11. Na3 a6 12. Nc2 Qc7 13. Bf4 Rfc8 {½-½ (43) Szalai,K (2397)-Medvegy,Z (2538) Hungary 2019}) 8. d4 {[%emt 0:00:40]} cxd4 {[%emt 0:00:47]} 9. Nxd4 {[%emt 0:00:07]} Qc7 {[%emt 0:01:27]} 10. Nc3 {[%emt 0:01:09]} d6 {[%emt 0:07:52]} 11. a4 {[%emt 0:00:53]} Rb8 {[%emt 0:06:09]} 12. Be3 {[%emt 0:00:12]} Ne5 {[%emt 0:02:10]} 13. f4 {[%emt 0:01:14]} Nc4 {[%emt 0:00:38]} 14. Bc1 {[%emt 0:00:00]} b6 {[%emt 0:01:40]} 15. e5 {[%emt 0:00:32]} dxe5 {[%emt 0:03:50] [#]} 16. Nc6 $1 {[%emt 0:00:10] Double Attack} Bc5+ {[%emt 0:00:29]} (16... Na5 $16 {keeps fighting.} 17. Nxb8 Qxb8) 17. Kh1 {[%emt 0:00:10]} Rb7 {[%emt 0:03:37]} 18. Qxc4 {[%emt 0:00:33]} exf4 $18 {[%emt 0:03:59]} (18... Ng4 $142) 19. Bxf4 {[%emt 0:00:11] Trapped Piece} 1-0

[Event "IV Torneo de Semana Santa"]
[Site "Los Llanos de Aridane"]
[Date "2019.04.18"]
[Round "6.1"]
[White "Rodriguez Ferraz, Borja"]
[Black "Alonso Alvarez, Aitor"]
[Result "0-1"]
[WhiteElo "2212"]
[BlackElo "2284"]
[Annotator "TA"]
[PlyCount "78"]
[EventDate "2019.04.13"]
[EventType "swiss"]
[EventCountry "ESP"]
[SourceTitle "playchess.com"]
[Source "ChessBase"]
[SourceQuality "1"]

{[%evp 12,78,18,22,43,29,37,36,34,27,34,0,21,29,33,25,0,0,0,0,0,0,0,4,8,8,18,15,384,381,357,293,237,237,231,196,199,172,211,195,995,962,839,441,404,0,816,0,0,-394,-389,-371,-364,-347,-329,-650,-389,-376,-349,-323,-337,-758,-740,-1001,-983,-869,-820,-5106,-760]} 1. d4 d5 2. c4 c6 3. cxd5 cxd5 4. Nc3 Nf6 5. Bf4 Nc6 6. e3 a6 7. Bd3 g6 {D10: Slav Defence: 3 cxd5 (without early Nf3) and 3 Nc3} (7... Bg4 8. f3 Bh5 9. Nge2 e6 10. O-O Be7 11. Bg3 Bg6 12. Nf4 O-O 13. Nxg6 hxg6 14. Rc1 Rc8 15. Qe2 Nd7 16. Bf2 Nb6 17. Rcd1 {1-0 (60) Laznicka,V (2662)-Maghsoodloo,P (2649) Batumi 2018}) 8. Nf3 Nh5 9. Bg5 h6 {White is slightly better.} 10. Bh4 g5 11. Ne5 $146 ({Predecessor:} 11. Bg3 Nxg3 12. hxg3 Bg7 13. a3 e6 14. Rc1 O-O 15. Bb1 {1-0 (68) Dokuchayev,A (2256)-Whatley,A (2333) Dallas 2001}) 11... Nxe5 12. dxe5 gxh4 13. Qxh5 Rg8 14. O-O-O Bg4 15. Qxh4 {Strongly threatening Bh7.} Bxd1 16. Rxd1 {Black must now prevent Qa4+.} e6 (16... Rxg2 $6 17. Be4 $1 $16 {[%mdl 512]}) 17. Qa4+ $1 Ke7 $1 (17... b5 $2 18. Nxb5 $1 {[%mdl 512]} Ke7 19. Kb1 $16) 18. Qb4+ Ke8 19. Qxb7 {Threatens to win with Qc6+.} Rxg2 $2 {[%mdl 8192]} (19... Be7 $11) 20. Qc6+ $18 Ke7 21. Bxa6 Rxa6 22. Qxa6 {e4 is the strong threat.} Rxf2 23. e4 Qb8 {[%csl Gf2][%cal Rb8b2]} 24. Nb5 Rxh2 25. Rf1 $1 {Hoping for exd5.} Qxe5 $2 (25... Bg7) 26. Qb7+ Kd8 27. Qb6+ ({Inferior is} 27. Na7 Rc2+ 28. Kxc2 Qxe4+ 29. Kd1 Qd4+ 30. Ke2 Qe4+ 31. Kf2 (31. Kd1 Qd4+ 32. Ke2 Qe4+ 33. Kf2 Bc5+ 34. Kg3 Bd6+ 35. Kf2 Bc5+ 36. Kg3 Bd6+ 37. Kf2 Bc5+ $11) 31... Bc5+ 32. Kg3 Bd6+ 33. Kf2 (33. Kh3 {is a self mate.} Qe3+ 34. Rf3 Qxf3+ 35. Kh4 Qg3+ 36. Kh5 Qh3#) 33... Bc5+ 34. Kg3 Bd6+ 35. Kf2 (35. Kh3 Qe3+ 36. Rf3 Qxf3+ 37. Kh4 Qg3+ 38. Kh5 Qh3#) 35... Bc5+ $11) 27... Kd7 28. Qb7+ (28. Qa7+ $142 Kd8 29. Qa8+ Ke7 30. Qb7+ Kd8 31. Nd4 $1 {[%mdl 512]} (31. Na7 Rc2+ {[%mdl 64] Decoy} 32. Kxc2 Qxe4+ 33. Kd1 Qd4+ 34. Ke2 Qe4+ 35. Kf2 Qh4+ 36. Kf3 Qe4+ 37. Kg3 Bd6+ 38. Kf2 Qc2+ 39. Kf3 Qe4+ 40. Kf2 Qc2+ 41. Kf3 Qe4+ 42. Kf2 $11) 31... Rc2+ 32. Nxc2) 28... Kd8 {[#]} 29. Na7 $2 ({White has to play} 29. Nd4 $1 $18 {[%mdl 512] Nc6+ would kill now.} Rc2+ (29... Qxd4 30. Qb8+) 30. Nxc2) 29... Rc2+ $1 $40 {[%mdl 128] Black mounts an attack.} 30. Kb1 $2 {[%mdl 8192]} (30. Kxc2 $11 Qxe4+ 31. Kd1 Qd3+ 32. Ke1 Qe3+ 33. Kd1 Qd3+ {[%mdl 64] Double Attack} 34. Ke1 Qe3+ 35. Kd1 Qd3+ {[%mdl 64] Double Attack}) 30... Qxe4 $19 {( -> ...Rf2+)} 31. Ka1 Qc4 {[%cal Rc4f1]} 32. Qb6+ Qc7 33. Qg1 $2 (33. Qxc7+ Rxc7 34. Nb5) 33... Bg7 34. Nb5 Qc5 35. Qxc5 Rxc5 36. Nd6 $2 (36. a4 Rc4 37. Ka2) 36... Ke7 {Black is clearly winning.} 37. Nxf7 Rc2 38. Nxh6 Bxh6 39. a4 Bg7 {Accuracy: White = 48%, Black = 47%.} 0-1

[Event "IV Torneo de Semana Santa"]
[Site "Los Llanos de Aridane"]
[Date "2019.04.16"]
[Round "6.2"]
[White "Hernandez Leon, Alberto"]
[Black "Brito Garcia, Alfredo"]
[Result "1/2-1/2"]
[WhiteElo "2280"]
[BlackElo "2311"]
[Annotator "NA RC"]
[PlyCount "24"]
[EventDate "2019.04.13"]
[EventType "swiss"]
[EventCountry "ESP"]
[SourceTitle "playchess.com"]
[Source "ChessBase"]
[SourceQuality "1"]
[TimeControl "5400+30"]

1. d4 {[%emt 0:00:00]} Nf6 {[%emt 0:00:00]} 2. Nf3 {[%emt 0:00:00]} e6 {[%emt 0:00:13]} 3. c4 {[%emt 0:00:14]} Bb4+ {[%emt 0:02:05]} 4. Bd2 {[%emt 0:00:33]} a5 {[%emt 0:01:47]} 5. g3 {[%emt 0:01:20]} d5 {[%emt 0:04:20]} 6. Qc2 {[%emt 0:01:19]} Nc6 {[%emt 0:01:29]} 7. Bg2 {[%emt 0:01:08]} dxc4 {[%emt 0:01:29]} 8. Qxc4 {[%emt 0:00:22]} Qd5 {[%emt 0:01:43]} 9. Qd3 {[%emt 0:02:52]} Qe4 {[%emt 0:01:26]} 10. Qc4 {[%emt 0:01:01]} Qd5 {[%emt 0:00:08]} 11. Qd3 {[%emt 0:00:09]} Qe4 {[%emt 0:00:02]} 12. Qc4 {[%emt 0:00:09]} Qd5 {[%emt 0:00:07]} 1/2-1/2

[Event "IV Torneo de Semana Santa"]
[Site "Los Llanos de Aridane"]
[Date "2019.04.16"]
[Round "6.3"]
[White "Fernandez Gonzalez, Sergio"]
[Black "Hidalgo Santana, Fernando"]
[Result "1-0"]
[WhiteElo "2089"]
[BlackElo "2116"]
[Annotator "NA"]
[PlyCount "61"]
[EventDate "2019.04.13"]
[EventType "swiss"]
[EventCountry "ESP"]
[SourceTitle "playchess.com"]
[Source "ChessBase"]
[SourceQuality "1"]
[TimeControl "5400+30"]

1. c4 {[%emt 0:00:00]} c6 {[%emt 0:01:15]} 2. Nc3 {[%emt 0:00:08]} d5 {[%emt 0:01:00]} 3. d4 {[%emt 0:00:09]} e6 {[%emt 0:03:47]} 4. Bf4 {[%emt 0:00:17]} f5 {[%emt 0:00:11]} 5. e3 {[%emt 0:00:30]} Nf6 {[%emt 0:00:07]} 6. Nf3 {[%emt 0:00:10]} Be7 {[%emt 0:00:15]} 7. Bd3 {[%emt 0:00:18]} O-O {[%emt 0:00:09]} 8. O-O {[%emt 0:00:07]} h6 {[%emt 0:01:07] A84: Dutch Defence: 2 c4 Miscellaneous} (8... Ne4 9. Ne2 g5 10. Bxb8 Rxb8 11. Ne5 Bf6 12. f3 Nd6 13. c5 Nf7 14. f4 g4 15. b4 Nxe5 16. dxe5 Be7 {1-0 (67) Bosiocic,M (2599)-Dragicevic,D (2340) Skopje 2018}) 9. h3 {[%emt 0:00:08]} Ne4 $146 {[%emt 0:02:50]} ({Predecessor:} 9... Nbd7 10. Bh2 Ne4 11. Ne2 g5 12. Ne5 Qe8 13. f3 Nef6 14. Qc2 Nxe5 15. Bxe5 Nd7 16. g4 Nxe5 17. dxe5 {0-1 (41) Le,H-Truong,T Ha Tinh 2000}) 10. Qb3 {[%emt 0:05:19]} Kh7 {[%emt 0:06:28]} 11. Rae1 {[%emt 0:04:11]} Nd7 {[%emt 0:03:52]} 12. Qc2 {[%emt 0:02:35]} g6 {[%emt 0:01:31]} 13. Ne2 {[%emt 0:05:20]} Ndf6 {[%emt 0:10:13]} 14. Ne5 {[%emt 0:00:54]} Bb4 {[%emt 0:04:28]} 15. Rc1 {[%emt 0:00:49]} Nd7 {[%emt 0:01:18]} 16. cxd5 {[%emt 0:02:40]} exd5 {[%emt 0:02:36]} 17. f3 {[%emt 0:07:08]} Nxe5 {[%emt 0:03:30]} 18. dxe5 {[%emt 0:00:35]} Nc5 {[%emt 0:00:34]} 19. Bg3 {[%emt 0:00:52]} Nxd3 {[%emt 0:02:33]} 20. Qxd3 {[%emt 0:00:08]} a5 {[%emt 0:00:31]} 21. f4 {[%emt 0:03:19]} a4 {[%emt 0:08:21]} 22. Rc2 {[%emt 0:01:20]} Qb6 $14 {[%emt 0:00:24]} 23. Qd4 {[%emt 0:01:20]} Qa5 {[%emt 0:02:16]} 24. Bh4 {[%emt 0:02:13]} Be6 {[%emt 0:00:08]} 25. a3 {[%emt 0:00:28]} c5 {[%emt 0:01:34]} 26. axb4 {[%emt 0:00:53]} cxb4 {[%emt 0:04:21]} 27. Be7 {[%emt 0:03:40]} b3 {[%emt 0:00:07]} 28. Rc5 {[%emt 0:00:19]} b5 {[%emt 0:02:18]} 29. Bxf8 {[%emt 0:00:08]} Rxf8 {[%emt 0:00:07]} 30. Rfc1 {[%emt 0:02:07]} Rf7 {[%emt 0:00:50]} 31. Qc3 {[%emt 0:00:29]} 1-0